| 000 | 00559nam a2200181 a 4500 | ||
|---|---|---|---|
| 005 | 20260221063938.0 | ||
| 008 | 991125s1963 es 000 0 spa u | ||
| 035 | _aUPN01000017533 | ||
| 049 | _aCG | ||
| 050 | 4 |
_aLA621 _bS2.48 |
|
| 100 | 1 |
_aSchneider, Friedrich Wilhelm, _d1881-1974 _942880 |
|
| 245 | 1 | 0 |
_aEducación europea / _cFriedrich Schneider ; tr. José Luis Sánchez. |
| 260 |
_aBarcelona, Esp. : _bHerder, _c1963. |
||
| 300 | _a265 p. | ||
| 650 | 4 |
_aEDUCACION - _zEUROPA - _xHISTORIA _97390 |
|
| 650 | 4 |
_aEducación _xFilosofía _94994 |
|
| 905 | _aLibro | ||
| 999 |
_c17533 _d17533 |
||